| 000 | 00725nam a2200217Ii 4500 | ||
|---|---|---|---|
| 003 | JO-AjNU | ||
| 008 | 230605s9999||||xx |||||||||||||| ||und|| | ||
| 017 | _a1985/2160 | ||
| 020 | _a977-01-0564-3 | ||
| 040 |
_aJO-AjNU _bara _erda _cJO-AjNU |
||
| 041 | _aara | ||
| 050 | 1 | 4 | _aPJ7571.S2298 1985 |
| 100 | 3 |
_aالشاروني، يوسف, _eauthor _940640 |
|
| 245 | 0 | 0 | _aمع القصة القصيرة |
| 264 | 3 | 1 | _aالقاهرة:الهيئة المصرية العامة للكتاب،1985 |
| 300 | _a279ص | ||
| 336 |
_atext _btxt _2rdacontent |
||
| 337 |
_aunmediated _bn _2rdamedia |
||
| 338 |
_avolume _bnc _2rdacarrier |
||
| 650 | 4 |
_a القصة العربية-القرن العشرين-تاريخ و نقد _940641 |
|
| 999 |
_aA17264 _c20832 _d20832 |
||